| 000 | 00694nam a2200229Ia 4500 | ||
|---|---|---|---|
| 005 | 20231128111431.0 | ||
| 008 | 131103s9999 xx 000 0 und d | ||
| 020 |
_a761995862 _cRs 420 |
||
| 040 | _aLoreto College | ||
| 041 | _aEnglish | ||
| 082 |
_a396 _bMUK |
||
| 245 |
_aBuilding women's capacities _b Interventions in gender transformation _cEdited by Ranjani K Murthy |
||
| 260 |
_aNew Delhi _bSage Publications _c2001 |
||
| 300 | _a383p | ||
| 504 | _aIncludes bibliographical references and index | ||
| 630 | _aWomen in community development-India | ||
| 650 | _aGender Studies | ||
| 651 | _aWomen Studies | ||
| 700 | _aMurthy, Ranjani K., ed | ||
| 850 | _aLCLIB | ||
| 942 | _cBK | ||
| 999 |
_c15053 _d65532 |
||